000 00217nam a22001097a 4500
008 171220b xxu||||| |||| 00| 0 eng d
020 _a9781405104128
041 _aeng
080 _a579
100 _a11
101 _aMIK
999 _c39217
_d39217